01328nam a2200337Ia 4500001000700000003000500007008004100012010001100053040000900064090001700073100003600090245017000126260004100296300000900337502007600346650003700422650004200459650003200501650002800533650001900561650003100580650003200611901001700643902000600660910000900666942000600675942000600681999001900687952014200706952014200848Z_4784CHAP220113s1996 xx 000 0 und d a167836 cCHAP aTesis T 1078 aTrejo Pacheco, Maricela9114769 aEfecto del tipo y forma física del grano sobre el comportamiento productivo en bovinos alimentados con dietas mixtas. I. pH ruminal /cpor Maricela Trejo Pacheco aChapingo, Méx. :bEl autor,c1996 a73 h aTesis (Ing. Agr. Esp. en Zootecnia) -- UACH. Departamento de Zootecnia aForrajesxFermentación 942572 aGanado vacunoxAlimentación 945429 aMaíz como forraje 971109 7apHxMedición2987753 aRumen 9100837 aSorgo como forraje9108743 aTrigo como forraje 9115135 aTESIS T 1078 aM a1996 c2 c2 c167836d167836 00102local4051708TESISaZbZd2005-11-09eEl autorl0oTesis T74 1078 1996p5101001633r2022-01-18 00:00:00tEj.1w2022-01-18yTESIS 00102local4055708TESISaZbZd2005-11-09eEl autorl0oTesis T74 1078 1996p5101001634r2022-01-18 00:00:00tEj.2w2022-01-18yTESIS